Airline pilot age, health, and performance : scientific and medical considerations : report of a study /

Bibliographic Details
Corporate Author: Institute of Medicine (U.S.). Division of Health Sciences Policy
Format: Book
Language:English
Published: Washington, D.C. : National Academy Press, 1981.
Subjects:

MARC

Tag First Indicator Second Indicator Subfields
LEADER 00000cam a2200000 a 4500
001 in00000097702
005 20150924085414.0
008 811204s1981 dcua b f00000 eng
010 |a  81082029  
020 |a 0309031761 (pbk.) 
035 |a (OCoLC)08064480 
035 |9 AAK9326AM 
039 0 |a 2  |b 3  |c 3  |d 3  |e 3 
040 |a DLC  |c DLC  |d CUX  |d TXA  |d UtOrBLW 
049 |a TXAM  |c [1117139] 
050 0 0 |a RC1063  |b  A37 
060 0 |a WD 705 A298 1981 
082 0 |a 616.9/80213  |2 19 
245 0 0 |a Airline pilot age, health, and performance :  |b scientific and medical considerations : report of a study /  |c Division of Health Sciences Policy, Institute of Medicine. 
264 1 |a Washington, D.C. :  |b National Academy Press,  |c 1981. 
300 |a xiv, 159 pages :  |b illustrations ;  |c 28 cm. 
336 |a text  |b txt  |2 rdacontent 
337 |a unmediated  |b n  |2 rdamedia 
338 |a volume  |b nc  |2 rdacarrier 
504 |a Includes bibliographical references. 
650 0 |a Air pilots  |x Health and hygiene. 
650 0 |a Age factors in disease. 
650 0 |a Physical fitness. 
650 2 |a Aerospace Medicine  |z United States. 
650 2 |a Age Factors. 
650 2 |a Mental Health. 
650 2 |a Physical Fitness. 
650 2 |a Retirement. 
710 2 |a Institute of Medicine (U.S.).  |b Division of Health Sciences Policy. 
999 |a MARS 
999 f f |s d0f9862f-ee80-354e-a681-ac560652af5b  |i eee9da0d-392b-33a3-93e6-273476116ab9  |t 0 
952 f f |p ric  |a Texas A&M University  |b Rellis Campus  |c Joint Library Facility  |d Remote Storage  |t 0  |e RC1063 A37  |h Library of Congress classification  |i unmediated -- volume  |m A14806016917 
998 f f |a RC1063 A37  |t 0  |l Remote Storage